[Event "Agen 2017 - Accession"]
[Site "?"]
[Date "2017/08/19"]
[Round "1"]
[White "LOISEAU Quentin"]
[Black "MULLER Anthony"]
[Result "*"]
[WhiteElo "2425"]
[BlackElo "2243"]
[TimeControl "900"]

1. d4 d5
2. c4 c6
3. Nc3 Nf6
4. Nf3 e6
5. Bg5 Nbd7
6. e3 Qa5
7. cxd5 Nxd5
8. Qd2 Bb4
9. Rc1 O-O
10. Bd3 h6
11. Bh4 e5
12. a3 Bxc3
13. bxc3 exd4
14. cxd4 Qxa3
15. O-O Qb4
16. Qa2 Re8
17. Rfe1 Qd6
18. Bb1 a5
19. e4 Nb4
20. Qa3 Nf8
21. Bg3 Qd8
22. Red1 Bg4
23. d5 Nd7
24. h3 Bxf3
25. Qxf3 c5
26. Qa3 b5
27. f4 c4
28. e5 Nc5
29. Bf2 Ncd3
30. Bxd3 Nxd3
31. Rxd3 b4
32. Qa4 cxd3
33. d6 Rc8
34. Rd1 Rc3
35. Bd4 Ra3
36. Qc6 Qa8
37. Qxa8 Rxa8
38. f5 Kf8
39. e6 Ra6
40. Bxg7+ Kxg7
41. e7 Rxd6
42. e8=Q Kf6
43. Re1 *

[Event "Agen 2017 - Accession"]
[Site "?"]
[Date "2017/08/19"]
[Round "1"]
[White "VIDAL Llewellyn"]
[Black "BARBOT Pierre"]
[Result "*"]
[WhiteElo "2247"]
[BlackElo "2453"]
[TimeControl "900"]

1. c4 e5
2. Nc3 Nf6
3. Nf3 Nc6
4. e4 Bc5
5. Nxe5 O-O
6. Nf3 Re8
7. d3 Ng4
8. d4 Bb4
9. Bd3 f5
10. Bg5 Nf6
11. e5 Bxc3+
12. bxc3 d6
13. O-O dxe5
14. Nxe5 Nxe5
15. dxe5 Rxe5
16. Qf3 h6
17. Bf4 Re7
18. Rad1 Qe8
19. c5 Bd7
20. Qxb7 Bc6
21. Qb3+ Kh8
22. Bxf5 Ba4
23. Qb1 Bxd1
24. Rxd1 Qa4
25. Be3 Rae8
26. Qb3 Qc6
27. Bg6 Rf8
28. Bd4 Ne4
29. Bh5 Nd2
30. Qc2 Qd5
31. Qxd2 Qxh5
32. Be3 Qf5
33. Qd3 Qxd3
34. Rxd3 Rb8
35. g3 Rb1+
36. Kg2 Rb2
37. a4 Ra2
38. Rd8+ Kh7
39. Bd4 Rxa4
40. c6 Ra6
41. Ra8 Re6
42. Rxa7 Rxa7
43. Bxa7 Rxc6
44. Bd4 Re6
45. h4 h5
46. Kf3 Kg6
47. Kf4 Ra6
48. Ke5 Kf7
49. c4 Re6+
50. Kf4 Rd6
51. Ke5 g6
52. Be3 Re6+
53. Kd5 Ke7
54. c5 Kd7
55. Bf4 Rf6
56. Be3 Rf5+
57. Kd4 Kc6
58. Kc4 Re5
59. Kb4 Re4+
60. Kc3 Rxe3+
61. fxe3 Kxc5 *

[Event "Agen 2017 National"]
[Site "?"]
[Date "2017.08.20"]
[Round "2.1"]
[White "Fressinet, Laurent"]
[Black "Cornette, Matthieu"]
[Result "1/2-1/2"]
[BlackElo "2609"]
[WhiteElo "2650"]
[LiveChessVersion "1.4.8"]

1. d4 {[%clk 1:30:28]} Nf6 {[%clk 1:30:46]} 2. Nf3 {[%clk 1:30:54]} e6
{[%clk 1:30:34]} 3. c4 {[%clk 1:31:02]} b6 {[%clk 1:30:24]} 4. g3
{[%clk 1:28:26]} Bb4+ {[%clk 1:30:05]} 5. Bd2 {[%clk 1:27:29]} Bxd2+
{[%clk 1:30:24]} 6. Qxd2 {[%clk 1:24:13]} Ba6 {[%clk 1:30:15]} 7. Na3
{[%clk 1:24:39]} c5 {[%clk 1:28:51]} 8. Bg2 {[%clk 1:24:01]} O-O {[%clk 1:28:16]}
9. O-O {[%clk 1:21:54]} d5 {[%clk 1:27:22]} 10. Ne5 {[%clk 1:16:38]} Nbd7
{[%clk 1:03:12]} 11. Rac1 {[%clk 1:07:28]} Rc8 {[%clk 0:56:46]} 12. Rfd1
{[%clk 1:01:29]} cxd4 {[%clk 0:47:11]} 13. Qxd4 {[%clk 0:59:01]} Qc7
{[%clk 0:44:03]} 14. Nd3 {[%clk 0:46:48]} e5 {[%clk 0:33:15]} 15. Qh4
{[%clk 0:42:50]} Bxc4 {[%clk 0:28:28]} 16. b3 {[%clk 0:34:33]} Qd6
{[%clk 0:28:13]} 17. Nxc4 {[%clk 0:34:34]} dxc4 {[%clk 0:28:29]} 18. Rxc4
{[%clk 0:33:52]} b5 {[%clk 0:19:27]} 19. Rxc8 {[%clk 0:33:04]} Rxc8
{[%clk 0:19:53]} 20. Qb4 {[%clk 0:33:25]} Qb6 {[%clk 0:18:58]} 21. Bh3
{[%clk 0:25:22]} a5 {[%clk 0:17:01]} 22. Qe1 {[%clk 0:23:01]} Re8
{[%clk 0:15:55]} 23. b4 {[%clk 0:22:40]} axb4 {[%clk 0:11:28]} 24. Qxb4
{[%clk 0:22:04]} h6 {[%clk 0:11:29]} 25. Nb2 {[%clk 0:19:11]} Qc6
{[%clk 0:08:33]} 26. Qd6 {[%clk 0:11:42]} Qxd6 {[%clk 0:08:15]} 27. Rxd6
{[%clk 0:12:10]} Nf8 {[%clk 0:07:23]} 28. Nd3 {[%clk 0:09:33]} Ra8
{[%clk 0:06:06]} 29. Nc1 {[%clk 0:09:59]} Ng6 {[%clk 0:01:42]} 30. Rc6
{[%clk 0:07:01]} Rd8 {[%clk 0:00:54]} 31. Rc8 {[%clk 0:07:10]} Rxc8
{[%clk 0:01:21]} 32. Bxc8 {[%clk 0:07:37]} Ne8 {[%clk 0:01:06]} 33. Bd7
{[%clk 0:04:47]} Nd6 {[%clk 0:01:29]} 34. a4 {[%clk 0:03:13]} bxa4
{[%clk 0:01:53]} 35. Bxa4 {[%clk 0:03:40]} Kf8 {[%clk 0:02:07]} 36. Bc2
{[%clk 0:04:02]} Ne7 {[%clk 0:01:45]} 37. Nd3 {[%clk 0:04:20]} f6
{[%clk 0:01:47]} 38. Nc5 {[%clk 0:04:34]} g5 {[%clk 0:01:52]} 39. e3
{[%clk 0:04:50]} Kf7 {[%clk 0:01:54]} 40. Bb3+ {[%clk 0:35:15]} Kg6
{[%clk 0:32:14]} 41. Bc2+ {[%clk 0:35:36]} 1/2-1/2

[Event "Agen 2017 National"]
[Site "?"]
[Date "2017.08.20"]
[Round "2.2"]
[White "Lagarde, Maxime"]
[Black "Gharamian, Tigran"]
[Result "1/2-1/2"]
[BlackElo "2616"]
[WhiteElo "2607"]
[LiveChessVersion "1.4.8"]

1. c4 {[%clk 1:30:56]} Nf6 {[%clk 1:30:41]} 2. Nf3 {[%clk 1:31:22]} e6
{[%clk 1:30:57]} 3. g3 {[%clk 1:31:37]} d5 {[%clk 1:31:16]} 4. Bg2
{[%clk 1:32:02]} Be7 {[%clk 1:31:34]} 5. O-O {[%clk 1:32:14]} O-O
{[%clk 1:31:46]} 6. b3 {[%clk 1:32:38]} b6 {[%clk 1:30:53]} 7. Bb2
{[%clk 1:32:49]} Bb7 {[%clk 1:31:03]} 8. e3 {[%clk 1:32:54]} Nbd7
{[%clk 1:28:54]} 9. Nc3 {[%clk 1:33:14]} c5 {[%clk 1:28:04]} 10. Qe2
{[%clk 1:33:38]} a6 {[%clk 1:23:15]} 11. Nh4 {[%clk 1:15:14]} g6 {[%clk 0:53:15]}
12. f4 Ne4 {[%clk 0:42:46]} 13. d3 {[%clk 0:34:39]} Nxc3 {[%clk 0:40:33]} 14.
Bxc3 {[%clk 0:35:05]} Bf6 {[%clk 0:37:09]} 15. Bxf6 {[%clk 0:34:18]} Nxf6
{[%clk 0:37:10]} 16. Rad1 {[%clk 0:31:12]} Qe7 {[%clk 0:33:59]} 17. Nf3
{[%clk 0:27:12]} Rad8 {[%clk 0:33:01]} 18. Ne5 {[%clk 0:24:18]} Nd7
{[%clk 0:32:23]} 19. Ng4 {[%clk 0:24:05]} Nf6 {[%clk 0:29:05]} 20. Ne5
{[%clk 0:21:36]} Nd7 {[%clk 0:29:27]} 21. Ng4 {[%clk 0:22:04]} Nf6
{[%clk 0:29:51]} 22. Ne5 1/2-1/2

[Event "Agen 2017 National"]
[Site "?"]
[Date "2017.08.20"]
[Round "2.3"]
[White "Chabanon, Jean-Luc"]
[Black "Maze, Sebastien"]
[Result "1/2-1/2"]
[BlackElo "2612"]
[WhiteElo "2467"]
[LiveChessVersion "1.4.8"]

1. d4 {[%clk 1:30:53]} Nf6 {[%clk 1:29:44]} 2. c4 {[%clk 1:31:16]} e6
{[%clk 1:30:06]} 3. Nf3 {[%clk 1:31:11]} d5 {[%clk 1:30:33]} 4. g3
{[%clk 1:30:16]} dxc4 {[%clk 1:30:52]} 5. Bg2 {[%clk 1:30:40]} a6
{[%clk 1:31:18]} 6. O-O {[%clk 1:29:14]} Nc6 {[%clk 1:31:30]} 7. e3
{[%clk 1:29:15]} Bd7 {[%clk 1:20:28]} 8. Qe2 {[%clk 1:22:54]} b5 {[%clk 1:19:40]}
9. b3 {[%clk 1:04:50]} cxb3 {[%clk 1:15:30]} 10. axb3 {[%clk 1:05:18]} Be7
{[%clk 1:15:49]} 11. Bb2 {[%clk 1:04:45]} O-O {[%clk 1:15:04]} 12. Rc1
{[%clk 1:05:07]} Nb4 {[%clk 1:13:21]} 13. Ne5 {[%clk 1:04:57]} Rc8
{[%clk 1:10:32]} 14. Nd3 {[%clk 1:01:12]} Nxd3 {[%clk 1:06:10]} 15. Qxd3
{[%clk 0:58:08]} Nd5 {[%clk 1:06:38]} 16. Nd2 {[%clk 0:27:32]} Nb4
{[%clk 1:05:19]} 17. Qc3 {[%clk 0:27:58]} Nd5 {[%clk 0:47:23]} 18. Qd3
{[%clk 0:21:15]} Nb4 {[%clk 0:29:44]} 19. Qc3 {[%clk 0:21:43]} Nd5
{[%clk 0:16:02]} 1/2-1/2

[Event "Agen 2017 National"]
[Site "?"]
[Date "2017.08.20"]
[Round "2.4"]
[White "Bacrot, Etienne"]
[Black "Gozzoli, Yannick"]
[Result "1/2-1/2"]
[BlackElo "2592"]
[WhiteElo "2715"]
[LiveChessVersion "1.4.8"]

1. e4 {[%clk 1:30:41]} e5 {[%clk 1:30:36]} 2. Nf3 {[%clk 1:31:05]} Nc6
{[%clk 1:31:01]} 3. Bb5 {[%clk 1:31:15]} a6 {[%clk 1:31:25]} 4. Ba4
{[%clk 1:31:42]} Nf6 {[%clk 1:31:49]} 5. O-O {[%clk 1:31:59]} Nxe4
{[%clk 1:32:15]} 6. d4 {[%clk 1:31:57]} b5 {[%clk 1:32:39]} 7. Bb3
{[%clk 1:32:23]} d5 {[%clk 1:33:06]} 8. dxe5 {[%clk 1:32:47]} Be6
{[%clk 1:33:33]} 9. Be3 {[%clk 1:33:09]} Be7 {[%clk 1:33:43]} 10. c3
{[%clk 1:32:31]} O-O {[%clk 1:34:08]} 11. Nbd2 {[%clk 1:32:19]} Bg4
{[%clk 1:34:26]} 12. Nxe4 {[%clk 1:30:32]} dxe4 {[%clk 1:32:12]} 13. Qd5
{[%clk 1:30:55]} Qxd5 {[%clk 1:32:37]} 14. Bxd5 {[%clk 1:31:18]} exf3
{[%clk 1:33:04]} 15. Bxc6 {[%clk 1:31:40]} fxg2 {[%clk 1:33:30]} 16. Rfe1
{[%clk 1:25:30]} Rad8 {[%clk 1:32:41]} 17. a4 {[%clk 1:23:50]} b4
{[%clk 1:30:19]} 18. cxb4 {[%clk 1:22:01]} Bxb4 {[%clk 1:30:44]} 19. Rec1
{[%clk 1:22:26]} Bd2 {[%clk 1:31:10]} 20. Bxd2 {[%clk 1:22:51]} Rxd2
{[%clk 1:31:36]} 21. b4 {[%clk 1:23:13]} f6 {[%clk 1:23:01]} 22. b5
{[%clk 0:51:03]} a5 {[%clk 1:08:31]} 23. Bxg2 {[%clk 0:27:37]} fxe5
{[%clk 0:42:46]} 24. Rxc7 {[%clk 0:27:28]} Bf3 {[%clk 0:43:06]} 25. Bxf3
{[%clk 0:27:12]} Rxf3 {[%clk 0:40:37]} 26. Rf1 {[%clk 0:27:12]} h6
{[%clk 0:39:37]} 27. Ra7 {[%clk 0:23:39]} Rd4 {[%clk 0:32:46]} 28. Rxa5
{[%clk 0:21:28]} Rg4+ {[%clk 0:29:15]} 29. Kh1 {[%clk 0:21:53]} Rh4
{[%clk 0:29:31]} 30. b6 {[%clk 0:18:37]} Rfh3 {[%clk 0:28:55]} 31. b7
{[%clk 0:17:25]} Rxh2+ {[%clk 0:29:21]} 32. Kg1 {[%clk 0:17:51]} Rh1+
{[%clk 0:29:47]} 33. Kg2 {[%clk 0:18:16]} R1h2+ {[%clk 0:30:14]} 34. Kf3
{[%clk 0:18:20]} R2h3+ {[%clk 0:30:40]} 35. Kg2 {[%clk 0:17:23]} Rh2+
{[%clk 0:31:05]} 36. Kf3 {[%clk 0:17:49]} R2h3+ {[%clk 0:31:31]} 37. Kg2
{[%clk 0:18:16]} Rh2+ {[%clk 0:31:56]} 1/2-1/2

[Event "Agen 2017 National"]
[Site "?"]
[Date "2017.08.20"]
[Round "2.5"]
[White "Jolly, Jean-Francois"]
[Black "Bauer, Christian"]
[Result "0-1"]
[BlackElo "2650"]
[WhiteElo "2381"]
[LiveChessVersion "1.4.8"]

1. e4 {[%clk 1:30:01]} c5 {[%clk 1:30:51]} 2. Nf3 {[%clk 1:30:17]} d6
{[%clk 1:31:15]} 3. d4 {[%clk 1:30:27]} cxd4 {[%clk 1:31:38]} 4. Nxd4
{[%clk 1:30:53]} Nf6 {[%clk 1:32:00]} 5. Nc3 {[%clk 1:31:18]} Nbd7
{[%clk 1:32:21]} 6. Be3 {[%clk 1:26:01]} a6 {[%clk 1:31:24]} 7. f3
{[%clk 1:23:17]} e6 {[%clk 1:21:35]} 8. g4 {[%clk 1:17:03]} h6 {[%clk 1:21:15]}
9. Qd2 {[%clk 1:15:38]} b5 {[%clk 1:21:39]} 10. O-O-O {[%clk 1:15:09]} Nb6
{[%clk 1:14:23]} 11. Qf2 {[%clk 1:12:54]} Nfd7 {[%clk 1:14:26]} 12. Kb1
{[%clk 1:08:25]} Bb7 {[%clk 1:13:53]} 13. Bd3 {[%clk 1:04:52]} Rc8
{[%clk 1:12:45]} 14. Nce2 {[%clk 1:04:03]} Qc7 {[%clk 1:00:29]} 15. h4
{[%clk 0:51:43]} Nc5 {[%clk 0:54:00]} 16. Rhe1 {[%clk 0:44:31]} Nba4
{[%clk 0:40:25]} 17. Bc1 {[%clk 0:36:22]} Be7 {[%clk 0:34:34]} 18. Qg3
{[%clk 0:27:15]} b4 {[%clk 0:25:06]} 19. g5 {[%clk 0:23:07]} hxg5
{[%clk 0:20:43]} 20. hxg5 {[%clk 0:23:30]} g6 {[%clk 0:17:33]} 21. Ka1
{[%clk 0:09:07]} Nxd3 {[%clk 0:07:21]} 22. cxd3 {[%clk 0:09:13]} Nc5
{[%clk 0:07:25]} 23. Be3 {[%clk 0:06:42]} e5 {[%clk 0:04:35]} 24. Nb3
{[%clk 0:02:52]} Nxb3+ {[%clk 0:04:13]} 25. axb3 {[%clk 0:03:16]} Qc2
{[%clk 0:02:36]} 26. Ka2 {[%clk 0:02:40]} a5 {[%clk 0:02:59]} 27. Rd2
{[%clk 0:02:42]} Qc6 {[%clk 0:03:20]} 28. Rc1 {[%clk 0:01:58]} Qa6
{[%clk 0:03:47]} 29. Rdd1 {[%clk 0:00:39]} a4 {[%clk 0:03:36]} 30. bxa4
{[%clk 0:00:38]} Qxa4+ {[%clk 0:03:03]} 31. Kb1 {[%clk 0:01:03]} Rxc1+
{[%clk 0:02:42]} 32. Rxc1 {[%clk 0:01:07]} Ba6 {[%clk 0:02:59]} 0-1

[Event "Agen 2017 - National Féminin"]
[Site "?"]
[Date "2017.08.20"]
[Round "2.1"]
[White "Navrotescu, Andreea"]
[Black "Milliet, Sophie"]
[Result "0-1"]
[BlackElo "2362"]
[WhiteElo "2150"]
[LiveChessVersion "1.4.8"]

1. Nf3 {[%clk 1:30:57]} c5 {[%clk 1:30:34]} 2. c4 {[%clk 1:31:17]} Nc6
{[%clk 1:30:41]} 3. Nc3 {[%clk 1:31:35]} g6 {[%clk 1:30:47]} 4. g3
{[%clk 1:31:15]} Bg7 {[%clk 1:31:10]} 5. Bg2 {[%clk 1:31:40]} d6 {[%clk 1:31:16]}
6. O-O {[%clk 1:31:38]} e5 {[%clk 1:31:27]} 7. Ne1 {[%clk 1:29:27]} Be6
{[%clk 1:31:49]} 8. d3 {[%clk 1:29:32]} Nge7 {[%clk 1:32:15]} 9. Nc2
{[%clk 1:28:46]} d5 {[%clk 1:32:36]} 10. cxd5 {[%clk 1:29:10]} Nxd5
{[%clk 1:33:03]} 11. Ne3 {[%clk 1:29:32]} Nde7 {[%clk 1:31:36]} 12. Ne4
{[%clk 1:19:31]} b6 {[%clk 1:31:31]} 13. Nc4 {[%clk 1:14:42]} O-O
{[%clk 1:31:47]} 14. a4 {[%clk 1:07:13]} Qc7 {[%clk 1:23:14]} 15. f4
{[%clk 0:55:03]} Bxc4 {[%clk 1:07:38]} 16. dxc4 {[%clk 0:55:23]} Rad8
{[%clk 1:08:03]} 17. Qe1 {[%clk 0:51:41]} Nd4 {[%clk 1:06:25]} 18. Rb1
{[%clk 0:48:37]} f5 {[%clk 1:05:38]} 19. Ng5 {[%clk 0:48:29]} h6 {[%clk 0:56:50]}
20. e3 {[%clk 0:46:24]} Nc2 {[%clk 0:43:38]} 21. Qe2 {[%clk 0:45:07]} hxg5
{[%clk 0:43:55]} 22. Qxc2 {[%clk 0:45:31]} gxf4 {[%clk 0:43:46]} 23. e4
{[%clk 0:38:49]} fxg3 {[%clk 0:42:16]} 24. hxg3 {[%clk 0:39:17]} f4
{[%clk 0:42:06]} 25. Bh3 {[%clk 0:35:32]} Qd6 {[%clk 0:41:40]} 26. b3
{[%clk 0:30:28]} Nc6 {[%clk 0:39:30]} 27. Bb2 {[%clk 0:30:35]} fxg3
{[%clk 0:30:37]} 28. Kg2 {[%clk 0:21:48]} Rxf1 {[%clk 0:27:41]} 29. Kxf1
{[%clk 0:20:37]} Rf8+ {[%clk 0:21:21]} 30. Kg1 {[%clk 0:19:25]} Nd4
{[%clk 0:21:29]} 31. Qd1 {[%clk 0:18:49]} Nf3+ {[%clk 0:15:37]} 32. Kg2
{[%clk 0:19:04]} Nd2 {[%clk 0:15:08]} 33. Bg4 {[%clk 0:13:00]} Rf1
{[%clk 0:13:37]} 0-1

[Event "Agen 2017 - National Féminin"]
[Site "?"]
[Date "2017.08.20"]
[Round "2.2"]
[White "Maisuradze, Nino"]
[Black "Haussernot, Cecile"]
[Result "0-1"]
[BlackElo "2077"]
[WhiteElo "2280"]
[LiveChessVersion "1.4.8"]

1. d4 {[%clk 1:30:59]} Nf6 {[%clk 1:30:54]} 2. c4 {[%clk 1:30:35]} e6
{[%clk 1:31:20]} 3. g3 {[%clk 1:30:23]} d5 {[%clk 1:30:58]} 4. Nf3
{[%clk 1:30:05]} dxc4 {[%clk 1:28:04]} 5. Qc2 {[%clk 1:27:16]} b5
{[%clk 1:11:50]} 6. a4 {[%clk 1:26:22]} c6 {[%clk 1:08:47]} 7. Bg2
{[%clk 1:22:33]} Bb7 {[%clk 0:45:00]} 8. O-O {[%clk 1:21:47]} Nbd7
{[%clk 0:38:59]} 9. Rd1 {[%clk 1:19:47]} Bb4 {[%clk 0:23:53]} 10. Nc3
{[%clk 1:10:14]} Qb6 {[%clk 0:14:46]} 11. e4 {[%clk 0:42:50]} O-O
{[%clk 0:08:06]} 12. e5 {[%clk 0:42:12]} Nd5 {[%clk 0:07:55]} 13. Ng5
{[%clk 0:41:45]} g6 {[%clk 0:06:12]} 14. h4 {[%clk 0:41:40]} c5 {[%clk 0:04:31]}
15. dxc5 {[%clk 0:25:30]} Bxc5 {[%clk 0:02:35]} 16. a5 {[%clk 0:13:06]} Qc7
{[%clk 0:00:34]} 17. Nxb5 {[%clk 0:01:02]} Qxe5 {[%clk 0:00:39]} 18. Ne4
{[%clk 0:00:59]} Nb4 {[%clk 0:00:37]} 19. Qxc4 {[%clk 0:00:46]} Bxe4
{[%clk 0:00:42]} 20. Qxe4 {[%clk 0:00:48]} Qxg3 {[%clk 0:00:53]} 21. Rxd7
{[%clk 0:00:37]} Qxf2+ {[%clk 0:00:36]} 22. Kh2 {[%clk 0:01:05]} Nc2
{[%clk 0:00:40]} 23. Ra4 {[%clk 0:00:42]} Rab8 {[%clk 0:00:41]} 24. Rc4
{[%clk 0:00:40]} Ne1 {[%clk 0:00:38]} 25. Nc3 {[%clk 0:00:48]} Qg1+
{[%clk 0:00:46]} 26. Kh3 {[%clk 0:01:02]} Nxg2 {[%clk 0:01:00]} 27. Qxg2
{[%clk 0:01:09]} Qxc1 {[%clk 0:01:27]} 28. Rxc5 {[%clk 0:00:41]} Qe3+
{[%clk 0:01:50]} 29. Kh2 {[%clk 0:00:31]} Qxc5 {[%clk 0:02:16]} 30. Rd2
{[%clk 0:00:33]} Rb4 {[%clk 0:01:58]} 31. Qg3 {[%clk 0:00:42]} Qh5
{[%clk 0:01:42]} 32. Kh3 {[%clk 0:00:59]} Qf5+ {[%clk 0:02:06]} 33. Kh2
{[%clk 0:01:21]} Rg4 {[%clk 0:02:23]} 34. Qe1 {[%clk 0:00:37]} Qf4+
{[%clk 0:01:37]} 35. Kh3 {[%clk 0:01:05]} g5 {[%clk 0:01:44]} 36. hxg5
{[%clk 0:00:39]} Qxg5 {[%clk 0:01:49]} 0-1

[Event "Agen 2017 - National Féminin"]
[Site "?"]
[Date "2017.08.20"]
[Round "2.3"]
[White "Collas, Silvia"]
[Black "Safranska, Anda"]
[Result "1-0"]
[BlackElo "2224"]
[WhiteElo "2289"]
[LiveChessVersion "1.4.8"]

1. d4 {[%clk 1:30:57]} g6 {[%clk 1:30:46]} 2. c4 {[%clk 1:25:16]} d6
{[%clk 1:31:06]} 3. Nf3 {[%clk 1:25:19]} Bg7 {[%clk 1:31:18]} 4. e4
{[%clk 1:22:32]} e5 {[%clk 1:26:22]} 5. Nc3 {[%clk 1:18:12]} exd4
{[%clk 1:25:45]} 6. Nxd4 {[%clk 1:18:19]} Ne7 {[%clk 1:26:09]} 7. Bg5
{[%clk 1:06:49]} h6 {[%clk 1:26:22]} 8. Be3 {[%clk 1:05:13]} Nbc6
{[%clk 1:25:13]} 9. Qd2 {[%clk 1:02:59]} a6 {[%clk 1:24:15]} 10. Be2
{[%clk 1:01:45]} Kf8 {[%clk 1:21:18]} 11. Rd1 {[%clk 0:59:38]} b6
{[%clk 1:02:00]} 12. O-O {[%clk 0:55:21]} Qe8 {[%clk 0:52:04]} 13. f4
{[%clk 0:52:54]} Kg8 {[%clk 0:45:13]} 14. Bf3 {[%clk 0:30:49]} Bb7
{[%clk 0:24:04]} 15. Nd5 {[%clk 0:28:08]} Qd8 {[%clk 0:14:55]} 16. b4
{[%clk 0:21:27]} Kh7 {[%clk 0:14:20]} 17. Ne2 {[%clk 0:17:05]} Re8
{[%clk 0:11:10]} 18. Bf2 {[%clk 0:17:28]} Ng8 {[%clk 0:11:19]} 19. c5
{[%clk 0:14:26]} dxc5 {[%clk 0:11:22]} 20. bxc5 {[%clk 0:14:44]} b5
{[%clk 0:11:27]} 21. e5 {[%clk 0:12:51]} Qc8 {[%clk 0:10:49]} 22. Qc1
{[%clk 0:08:48]} b4 {[%clk 0:08:53]} 23. Bh4 {[%clk 0:08:24]} a5 {[%clk 0:08:51]}
24. Ng3 {[%clk 0:07:50]} Nce7 {[%clk 0:07:12]} 25. Nxe7 {[%clk 0:05:35]} Nxe7
{[%clk 0:07:38]} 26. Bxb7 {[%clk 0:05:31]} Qxb7 {[%clk 0:08:03]} 27. Rd7
{[%clk 0:05:52]} Bf8 {[%clk 0:07:38]} 28. Qc4 {[%clk 0:05:11]} Kg7
{[%clk 0:05:12]} 29. Bf6+ {[%clk 0:05:27]} Kg8 {[%clk 0:03:54]} 30. e6
{[%clk 0:03:49]} Kh7 {[%clk 0:03:28]} 31. exf7 {[%clk 0:03:56]} Red8
{[%clk 0:03:53]} 32. Rxe7 {[%clk 0:04:00]} Bxe7 {[%clk 0:03:43]} 33. Bxe7
{[%clk 0:04:25]} Rd2 {[%clk 0:04:10]} 34. Ne4 {[%clk 0:04:06]} 1-0

[Event "Agen 2017 - National Féminin"]
[Site "?"]
[Date "2017.08.20"]
[Round "2.4"]
[White "Malassagne, Isabelle"]
[Black "Leconte, Maria"]
[Result "0-1"]
[BlackElo "2208"]
[WhiteElo "2061"]
[LiveChessVersion "1.4.8"]

1. e4 {[%clk 1:30:57]} e5 {[%clk 1:30:53]} 2. Nf3 {[%clk 1:29:43]} Nc6
{[%clk 1:29:57]} 3. Bc4 {[%clk 1:28:06]} Nf6 {[%clk 1:30:05]} 4. d3
{[%clk 1:27:57]} Bc5 {[%clk 1:30:30]} 5. O-O {[%clk 1:28:07]} a6 {[%clk 1:30:49]}
6. Bb3 {[%clk 1:26:52]} d6 {[%clk 1:30:51]} 7. c3 {[%clk 1:26:43]} Ba7
{[%clk 1:31:07]} 8. Nbd2 {[%clk 1:26:34]} h6 {[%clk 1:31:11]} 9. h3
{[%clk 1:25:51]} g5 {[%clk 1:31:11]} 10. d4 {[%clk 1:04:41]} g4 {[%clk 1:25:21]}
11. hxg4 {[%clk 1:02:03]} Bxg4 {[%clk 1:25:40]} 12. Nc4 {[%clk 0:49:18]} Bxd4
{[%clk 0:52:29]} 13. cxd4 {[%clk 0:41:58]} Nxd4 {[%clk 0:51:41]} 14. Ne3
{[%clk 0:23:46]} Bxf3 {[%clk 0:46:20]} 15. gxf3 {[%clk 0:24:11]} Rg8+
{[%clk 0:46:10]} 16. Ng2 {[%clk 0:18:57]} Nh5 {[%clk 0:35:58]} 17. Kh2
{[%clk 0:14:58]} Qf6 {[%clk 0:31:12]} 18. f4 {[%clk 0:15:13]} Nxf4
{[%clk 0:21:04]} 19. Bxf4 {[%clk 0:15:39]} exf4 {[%clk 0:21:19]} 20. f3
{[%clk 0:14:52]} O-O-O {[%clk 0:17:13]} 21. Rf2 {[%clk 0:14:34]} Rg3
{[%clk 0:17:26]} 22. Qd3 {[%clk 0:03:19]} Rdg8 {[%clk 0:17:27]} 23. Rd1
{[%clk 0:01:30]} Qg5 {[%clk 0:13:32]} 24. Rdd2 {[%clk 0:01:05]} Nxf3+
{[%clk 0:13:11]} 25. Qxf3 {[%clk 0:01:09]} Rxf3 {[%clk 0:08:07]} 26. Rxf3
{[%clk 0:01:38]} Qh5+ {[%clk 0:08:22]} 27. Rh3 {[%clk 0:02:06]} Qe5
{[%clk 0:08:29]} 28. Rf3 {[%clk 0:01:31]} Rg3 {[%clk 0:04:49]} 29. Rxg3
{[%clk 0:01:24]} fxg3+ {[%clk 0:05:15]} 30. Kh3 {[%clk 0:00:50]} h5
{[%clk 0:04:54]} 31. Rd5 {[%clk 0:00:51]} Qe6+ {[%clk 0:01:45]} 32. Rf5
{[%clk 0:00:47]} Qxe4 {[%clk 0:01:14]} 33. Rxh5 {[%clk 0:01:15]} f5
{[%clk 0:00:57]} 34. Rh4 {[%clk 0:01:31]} Qd3 {[%clk 0:00:56]} 35. Rf4
{[%clk 0:01:24]} d5 {[%clk 0:01:05]} 36. Nh4 {[%clk 0:00:46]} c5 {[%clk 0:01:32]}
37. Rf3 {[%clk 0:00:44]} Qe4 {[%clk 0:01:52]} 38. a3 {[%clk 0:00:37]} f4
{[%clk 0:02:06]} 39. Kg4 {[%clk 0:00:44]} c4 {[%clk 0:02:06]} 40. Ba2
{[%clk 0:31:11]} Qe5 0-1

[Event "Agen 2017 - National Féminin"]
[Site "?"]
[Date "2017.08.20"]
[Round "2.5"]
[White "Roumegous, Marina"]
[Black "Benmesbah, Natacha"]
[Result "0-1"]
[BlackElo "2271"]
[WhiteElo "2142"]
[LiveChessVersion "1.4.8"]

1. d4 {[%clk 1:30:57]} Nf6 {[%clk 1:30:29]} 2. Nf3 {[%clk 1:31:13]} b5
{[%clk 1:30:42]} 3. e3 {[%clk 1:31:20]} a6 {[%clk 1:30:35]} 4. a4
{[%clk 1:31:13]} b4 {[%clk 1:30:30]} 5. c4 {[%clk 1:30:52]} e6 {[%clk 1:26:52]}
6. Nbd2 {[%clk 1:30:24]} Bb7 {[%clk 1:25:03]} 7. Bd3 {[%clk 1:30:02]} c5
{[%clk 1:23:52]} 8. O-O {[%clk 1:25:45]} d6 {[%clk 1:23:44]} 9. e4
{[%clk 1:22:16]} cxd4 {[%clk 1:23:31]} 10. Nxd4 {[%clk 1:22:09]} Nbd7
{[%clk 1:23:45]} 11. Qe2 {[%clk 1:17:29]} Be7 {[%clk 1:22:39]} 12. Rd1
{[%clk 1:13:21]} O-O {[%clk 1:20:12]} 13. N2b3 {[%clk 0:59:57]} Ne5
{[%clk 1:12:09]} 14. f3 {[%clk 0:58:28]} Nfd7 {[%clk 1:08:32]} 15. Be3
{[%clk 0:52:56]} Qc7 {[%clk 0:59:31]} 16. Rac1 {[%clk 0:46:09]} Rad8
{[%clk 0:58:44]} 17. Qe1 {[%clk 0:45:38]} Nc5 {[%clk 0:45:59]} 18. Be2
{[%clk 0:41:53]} Nc6 {[%clk 0:37:32]} 19. Nxc5 {[%clk 0:37:57]} dxc5
{[%clk 0:36:34]} 20. Nxc6 {[%clk 0:37:55]} Bxc6 {[%clk 0:34:41]} 21. b3
{[%clk 0:38:20]} Qe5 {[%clk 0:33:51]} 22. Bd3 {[%clk 0:30:16]} Bg5
{[%clk 0:27:49]} 23. Rc2 {[%clk 0:26:44]} Bxe3+ {[%clk 0:24:47]} 24. Qxe3
{[%clk 0:27:10]} f5 {[%clk 0:24:56]} 25. f4 {[%clk 0:24:45]} Qd4 {[%clk 0:24:58]}
26. Qxd4 {[%clk 0:24:25]} Rxd4 {[%clk 0:25:23]} 27. exf5 {[%clk 0:20:55]} Rfd8
{[%clk 0:22:14]} 28. Rcd2 {[%clk 0:19:51]} exf5 {[%clk 0:22:19]} 29. Kf2
{[%clk 0:19:31]} Rxf4+ {[%clk 0:22:44]} 30. Ke3 {[%clk 0:18:13]} Rfd4
{[%clk 0:22:58]} 31. Be2 {[%clk 0:14:40]} 0-1